DOS RV V3 CORAL 66. Príručka používateľa

Salvato in:
Dettagli Bibliografici
Natura: Libro
Lingua:slovacco
Pubblicazione: Ostrava Kancelářské stroje 1987
Edizione:1. vyd.
Tags: Aggiungi Tag
Nessun Tag, puoi essere il primo ad aggiungerne!!

MARC

LEADER 00000nam a2200000 4500
001 c024756
005 20221219094412.0
041 0 |a slo 
044 |a CZ 
245 1 0 |a DOS RV V3  |b CORAL 66. Príručka používateľa 
250 |a 1. vyd. 
264 1 |a Ostrava  |b Kancelářské stroje  |c 1987 
300 |a 174 s.